000
00303nam a2200121Ia 4500
008
231107s2012 xx 000 0 und d
041
_a
eng
082
_a
624
100
_a
Matteson Donna
245
_a
Civil Engineering & Architecture
260
_a
Spain
_b
Delmar Cengage Learning
_c
2012
300
_a
710
999
_c
932221
_d
932221